| 000 | 00351nam a2200121Ia 4500 | ||
|---|---|---|---|
| 005 | 20251222154405.0 | ||
| 008 | 251222s9999||||xx |||||||||||||| ||spa|| | ||
| 020 | _a958-04-2612-0 | ||
| 082 | _a332.041.52/B87 | ||
| 100 | _a"Büchi buc, Hernán" | ||
| 245 | 0 | _aLa transformación económica de Chile: Del estatismo a la libertad económica | |
| 942 | _cLIB | ||
| 999 |
_c35437 _d35437 |
||